| 000 | 00653nam a2200205 a 4500 | ||
|---|---|---|---|
| 005 | 20210223123504.0 | ||
| 008 | 991125s1968 es 000 0 spa u | ||
| 035 | _aUPN01000054403 | ||
| 049 | _aCG | ||
| 050 | 4 |
_aHC106.5 _bK3.88 |
|
| 100 | 1 | _aKatona, George | |
| 245 | 1 | 3 |
_aLa sociedad de consumo de masas / _cGeorge Katona ; tr. de Isidro Lliré. |
| 260 |
_aMadrid ; _aMéxico : _bRialp, _c1968. |
||
| 300 | _a372 p. | ||
| 440 | 0 |
_aHombre y sociedad ; _v14 |
|
| 650 | 4 |
_aCONSUMIDORES - _zESTADOS UNIDOS _97676 |
|
| 651 | 4 |
_aESTADOS UNIDOS - _xCONDICIONES ECONOMICAS _923002 |
|
| 651 | 4 |
_aESTADOS UNIDOS - _xCONDICIONES SOCIALES _923749 |
|
| 905 | _aLibro | ||
| 999 |
_c54403 _d54403 |
||